Giáo trình mạng

Nội dung giới thiệu những khái niệm cơ sở của mạng máy tính, các thành phần của một mạng cục bộ, các đặc biểm cần có của một mạng máy tính....

Uloženo v:
Podrobná bibliografie
Hlavní autor: Phạm, Hoàng Dũng
Médium: Kniha
Jazyk:Undetermined
Vydáno: Hà Nội Giáo Dục 1996
Témata:
Tagy: Přidat tag
Žádné tagy, Buďte první, kdo otaguje tento záznam!
Thư viện lưu trữ: Trung tâm Học liệu Trường Đại học Cần Thơ
LEADER 00862nam a2200205Ia 4500
001 CTU_52994
008 210402s9999 xx 000 0 und d
020 |b 90000 
082 |a 004.6 
082 |b D513/T1 
100 |a Phạm, Hoàng Dũng 
245 0 |a Giáo trình mạng 
245 0 |c Phạm Hoàng Dũng, Nguyễn Đình Tê, Hoàng Đức Hải 
260 |a Hà Nội 
260 |b Giáo Dục 
260 |c 1996 
520 |a Nội dung giới thiệu những khái niệm cơ sở của mạng máy tính, các thành phần của một mạng cục bộ, các đặc biểm cần có của một mạng máy tính.... 
650 |a Internet ( computer network ),Client/server computing,Computer networking 
904 |i QHieu(sửa) 
980 |a Trung tâm Học liệu Trường Đại học Cần Thơ